Gaming Quiz

Random Gaming or Pokémon Quiz

Pokemon Weak to Ice Quiz Stats

 Plays Quiz not verified by Sporcle

Challenge
Share
Tweet
Embed
Score 0/237 Timer 12:00
0 Plays Today
% Correct
Ivysaur
98%
Venusaur
98%
Bulbasaur
97.6%
Dratini
96.8%
Dragonair
96.8%
Dragonite
96.8%
Bayleef
95.2%
Meganium
95.2%
Treecko
95.2%
Sceptile
95.2%
Oddish
94.8%
Vileplume
94.8%
Chikorita
94.8%
Grovyle
94.8%
Gloom
94.4%
Rowlet
94.3%
Snivy
94%
Pidgey
93.6%
Pidgeotto
93.6%
Pidgeot
93.6%
Sandshrew
93.6%
Sandslash
93.6%
Turtwig
93.6%
Butterfree
93.2%
Weepinbell
93.2%
Victreebel
93.2%
Torterra
93.2%
Servine
93.2%
Bellsprout
92.8%
Grotle
92.8%
Serperior
92.8%
Rayquaza
90.8%
Chespin
90.8%
Chesnaught
90.8%
Zapdos
90.4%
Quilladin
89.6%
Diglett
89.2%
Dugtrio
89.2%
Tropius
88.8%
Salamence
88.8%
Bagon
88.4%
Shelgon
88.4%
Fearow
88%
Hoppip
88%
Gible
88%
Spearow
87.6%
Rhyhorn
87.6%
Rhydon
87.6%
Tangela
87.6%
Bellossom
87.6%
Skiploom
87.6%
Gabite
87.6%
Garchomp
87.6%
Doduo
87.1%
A-Exeggutor
87.1%
Graveler
86.7%
Dodrio
86.7%
Jumpluff
86.7%
Geodude
86.3%
Golem
86.3%
Farfetch'd
86.3%
Onix
86.3%
Taillow
86.3%
Swellow
86.3%
Vibrava
86.3%
Flygon
86.3%
Axew
85.9%
Dartrix
85.7%
Decidueye
85.7%
Hoothoot
85.5%
Shiftry
85.5%
Trapinch
85.5%
Fraxure
85.5%
Zygarde
85.5%
Noctowl
85.1%
Seedot
85.1%
Nuzleaf
85.1%
Starly
85.1%
Staravia
85.1%
% Correct
Staraptor
85.1%
Haxorus
85.1%
Nidoqueen
84.7%
Paras
84.7%
Parasect
84.7%
Rhyperior
84.7%
Zekrom
84.7%
Nidoking
84.3%
Altaria
83.9%
Latias
83.9%
Latios
83.9%
Groudon
83.9%
Shaymin
83.5%
Goomy
83.5%
Sliggoo
83.5%
Aerodactyl
83.1%
Tangrowth
83.1%
Goodra
83.1%
Zubat
82.7%
Golbat
82.7%
Landorus
82.7%
Exeggcute
82.3%
Lugia
82.3%
Celebi
82.3%
Hydreigon
82.3%
Exeggutor
81.9%
Beautifly
81.9%
Deino
81.9%
Tornadus
81.9%
Shroomish
81.5%
Breloom
81.5%
Zweilous
81.5%
Crobat
81.1%
Pansage
81.1%
Simisage
81.1%
Pidove
81.1%
Virizion
80.9%
Tranquill
80.7%
Gligar
80.3%
Cacnea
80.3%
Cacturne
80.3%
Unfezant
80.3%
Noibat
80.3%
Noivern
80.3%
Swablu
79.9%
Gliscor
79.9%
Cubone
79.1%
Marowak
79.1%
Ledian
79.1%
Ledyba
78.7%
Roselia
78.7%
Druddigon
78.3%
Fletchling
78.3%
Yveltal
78.3%
Mothim
77.9%
Giratina
77.9%
Roserade
77.5%
Sunkern
76.7%
Budew
76.7%
Leafeon
76.7%
Leavanny
76.7%
Cottonee
76.7%
Whimsicott
76.7%
Sunflora
76.3%
Thundurus
76.3%
Scyther
75.9%
Sewaddle
75.9%
Swadloon
75.9%
Kommo-o
75.7%
Wormadam Plant, Sandy
75.5%
Drilbur
75.5%
Togetic
75.1%
Combee
74.7%
Vespiquen
74.7%
Hippopotas
74.7%
Hippowdon
74.7%
Togekiss
74.7%
Tsareena
74.3%
Jangmo-o
74.3%
% Correct
Hakamo-o
74.3%
Baltoy
73.5%
Claydol
73.5%
Vivillon
73.5%
Lilligant
73.1%
Sandile
73.1%
Yanma
73%
Bounsweet
72.9%
Steenee
72.9%
Masquerain
72.7%
Cherrim
72.7%
Petilil
72.7%
Krokorok
72.7%
Mandibuzz
72.7%
Murkrow
72.3%
Ninjask
72.3%
Cherubi
72.3%
Yanmega
72.3%
Krookodile
72.3%
Vullaby
72.3%
Skiddo
72.3%
Gogoat
72.3%
Nincada
71.9%
Diggersby
71.1%
Natu
70.7%
Xatu
70.7%
Honchkrow
70.7%
Braviary
70.3%
Larvitar
69.9%
Pupitar
69.9%
Donphan
69.5%
Phanpy
69.1%
Rotom Air
69.1%
Swoobat
68.7%
Archeops
68.7%
Rufflet
68.7%
Carnivine
68.3%
Woobat
68.3%
Drifloon
67.9%
Archen
67.9%
Maractus
67.9%
Cradily
67.6%
Lileep
67.6%
Drifblim
67.5%
Pumpkaboo
67.5%
Phantump
66.7%
Deerling
66.3%
Sawsbuck
66.3%
Gourgeist
66.3%
Sigilyph
65.9%
Golett
65.9%
Trevenant
65.9%
Trumbeak
65.7%
Toucannon
65.7%
Fomantis
65.7%
Lurantis
65.7%
Golurk
65.5%
Tyrunt
64.7%
Tyrantrum
64.7%
Pikipek
64.3%
Emolga
63.9%
Chatot
63.5%
Morelull
62.9%
Shiinotic
62.9%
Foongus
61%
Amoonguss
61%
Hawlucha
60.2%
Tapu Bulu
60%
Guzzlord
58.6%
Dragalge
58.2%
Mudbray
57.1%
Mudsdale
57.1%
Stunfisk
56.2%
Oricorio
52.9%
Drampa
50%
Sandygast
45.7%
Palossand
45.7%
Minior
44.3%
Dhelmise
44.3%

You're not logged in!

Compare scores with friends on all Sporcle quizzes.
Join for Free
OR
Log In

You Might Also Like...

Show Comments

Extras

Top Quizzes Today


Score Distribution

Your Account Isn't Verified!

In order to create a playlist on Sporcle, you need to verify the email address you used during registration. Go to your Sporcle Settings to finish the process.

Report this User

Report this user for behavior that violates our Community Guidelines.

Details: